| 000 | 01339mam a22003854a 4500 | ||
|---|---|---|---|
| 001 | 3293273 | ||
| 003 | ARRUPE | ||
| 005 | 20140910165441.0 | ||
| 008 | 010627s2002 enka b 001 0beng | ||
| 010 | _a 2001038319 | ||
| 020 | _a0718502744 | ||
| 020 | _a0718502752 (pbk.) | ||
| 035 | _a(OCoLC)ocm47521298 | ||
| 035 | _a(NNC)3293273 | ||
| 040 |
_aDLC _cDLC _dYDX |
||
| 042 | _apcc | ||
| 043 | _ae------ | ||
| 050 | 0 | 0 |
_aBX1378 _b.P57 2002 |
| 082 | 0 | 0 |
_a282/.092 _221 |
| 100 |
_aRittner, Carol, _911267 |
||
| 245 | 0 | 0 |
_aPope Pius XII and the Holocaust / _cedited and introduced by Carol Rittner and John K. Roth. |
| 260 |
_aLondon ; _aNew York : _bLeicester University Press : _bContinuum, _c2002. |
||
| 300 |
_axi, 291 p. : _bill. ; _c24 cm. |
||
| 504 | _aIncludes bibliographical references (p. [279]-286) and index. | ||
| 600 | 0 | 0 |
_aPius _bXII, _cPope, _d1876-1958. _99455 |
| 610 | 2 | 0 |
_aCatholic Church _xRelations _xJudaism. _911268 |
| 650 | 0 |
_aHolocaust, Jewish (1939-1945) _911269 |
|
| 650 | 0 |
_aJudaism _xRelations _xChristianity. _911270 |
|
| 650 | 0 |
_aChristianity and antisemitism _xHistory _y20th century. _911271 |
|
| 650 | 0 |
_aWorld War, 1939-1945 _xReligious aspects _xCatholic Church. _99456 |
|
| 700 | 1 |
_aRittner, Carol, _d1943- _911272 |
|
| 700 | 1 |
_aRoth, John K. _911273 |
|
| 942 |
_2lcc _cMONOGRAPH |
||
| 999 |
_c120839 _d120839 |
||